[Event "Maresme op 16th"]
[Site "Maresme"]
[Date "2019.11.09"]
[Round "5"]
[White "Garcia Monreal, Francisco Manuel"]
[Black "Corraliza Nieto, Antonio"]
[Result "1/2-1/2"]
[WhiteElo "1449"]
[BlackElo "1122"]
[PlyCount "130"]
[EventDate "2019.09.29"]
[EventType "swiss"]
[EventRounds "8"]
[EventCountry "ESP"]
[SourceTitle "CBM 193 Extra"]
[Source "ChessBase"]
[SourceDate "2020.01.31"]
[SourceVersion "1"]
[SourceVersionDate "2020.01.31"]
[SourceQuality "1"]

1. e4 e5 2. Bc4 d6 3. Nc3 Nc6 4. d3 Be7 5. Nf3 Na5 6. Bb3 Nxb3 7. axb3 Bg4 8. Qe2 Qd7 9. Qe3 Bxf3 10. Qxf3 c6 11. Be3 a6 12. Na4 Bd8 13. Bb6 Bc7 14. 0-0 Qd8 15. Qe3 Nf6 16. Bxc7 Qxc7 17. d4 0-0 18. Rad1 Rad8 19. dxe5 dxe5 20. h3 Rxd1 21. Rxd1 Rd8 22. Rxd8+ Qxd8 23. f3 g6 24. Nc5 Qd1+ 25. Kh2 Qxc2 26. Qc3 Qxc3 27. bxc3 b6 28. Nxa6 Nd7 29. Kg3 f6 30. Kf2 Kf7 31. Nb4 c5 32. Nd5 b5 33. b4 cxb4 34. cxb4 Nb8 35. Ke3 Nc6 36. Kd3 Nd4 37. Kd2 Ke6 38. Ke3 f5 39. f4 fxe4 40. Kxe4 Nc6 41. fxe5 Nxe5 42. Nc7+ Kf6 43. Nxb5 Nc6 44. h4 Nxb4 45. Nd4 Na6 46. Kf4 Nc5 47. g4 h6 48. Nf3 Ne6+ 49. Ke4 g5 50. h5 Nf4 51. Nd4 Ne6 52. Nf5 Nf4 53. Nxh6 Ne6 54. Ng8+ Kg7 55. Ke5 Nf4 56. Nf6 Kh6 57. Kf5 Nh3 58. Ne4 Nf4 59. Nxg5 Nxh5 60. Nf3 Ng7+ 61. Kf6 Nh5+ 62. Ke5 Ng7 63. g5+ Kg6 64. Kf4 Ne6+ 65. Kg4 Nxg5 1/2-1/2

[Event "Maresme op 16th"]
[Site "Maresme"]
[Date "2019.10.19"]
[Round "3"]
[White "Garcia Monreal, Francisco Manuel"]
[Black "Escobar Figueroa, Maricela"]
[Result "1-0"]
[WhiteElo "1449"]
[BlackElo "1187"]
[PlyCount "69"]
[EventDate "2019.09.29"]
[EventType "swiss"]
[EventRounds "8"]
[EventCountry "ESP"]
[SourceTitle "CBM 193 Extra"]
[Source "ChessBase"]
[SourceDate "2020.01.31"]
[SourceVersion "1"]
[SourceVersionDate "2020.01.31"]
[SourceQuality "1"]

1. e4 g6 2. Nf3 Bg7 3. d4 d6 4. h3 Nd7 5. Bf4 e6 6. c3 Ngf6 7. Nbd2 0-0 8. Bd3 c5 9. Bxd6 Re8 10. Nb3 b6 11. e5 Nh5 12. Be4 Rb8 13. Bxb8 Nxb8 14. Qd2 h6 15. g4 f5 16. Bxf5 exf5 17. gxh5 gxh5 18. Rg1 c4 19. Qxh6 Re7 20. Nbd2 Qd7 21. 0-0-0 Re6 22. Qxh5 Qf7 23. Qxf7+ Kxf7 24. Ng5+ Ke7 25. Nxe6 Kxe6 26. Rxg7 Kd5 27. Rxa7 Nc6 28. Rg7 f4 29. h4 Bg4 30. Rg1 Bh5 31. R1g5 Be8 32. h5 Nd8 33. Rg8 Nf7 34. R5g7 Ke6 35. Rxe8+ 1-0

[Event "Maresme op 15th"]
[Site "Maresme"]
[Date "2018.11.03"]
[Round "5"]
[White "Garcia Monreal, Francisco Manuel"]
[Black "Molina Villen, Francisco"]
[Result "1/2-1/2"]
[WhiteElo "1700"]
[BlackElo "1427"]
[PlyCount "93"]
[EventDate "2018.09.29"]
[EventType "swiss"]
[EventRounds "9"]
[EventCountry "ESP"]
[SourceTitle "EXT 2024"]
[Source "ChessBase"]
[SourceDate "2023.10.10"]
[SourceVersion "1"]
[SourceVersionDate "2023.10.10"]
[SourceQuality "1"]

1. e4 e5 2. Nf3 d6 3. Bc4 h6 4. Nc3 Nf6 5. h3 a6 6. d3 Nc6 7. Be3 Bd7 8. Qd2 Qe7 9. Bd5 Be6 10. Bxc6+ bxc6 11. Ne2 Qd8 12. b3 Be7 13. 0-0 g5 14. g4 h5 15. Bxg5 hxg4 16. hxg4 Kd7 17. Bxf6 Bxg4 18. Bxh8 Qxh8 19. Nh2 Rg8 20. Ng3 Bg5 21. Qe1 Bh3 22. Qe2 Bf4 23. Rfb1 Qh7 24. Kh1 Rh8 25. Rg1 Bg4 26. Qxg4+ Kd8 27. Rg2 Rg8 28. Qh5 Qg7 29. Rag1 Rh8 30. Nf5 Qf8 31. Qxh8 Qxh8 32. Rg8+ Qxg8 33. Rxg8+ Kd7 34. Ra8 a5 35. Rxa5 Bd2 36. Ra8 c5 37. Nf3 Bc3 38. a4 Kc6 39. Rf8 d5 40. Ne7+ Kb6 41. Nxd5+ Kc6 42. Nxc3 c4 43. Nxe5+ Kc5 44. Nxc4 Kd4 45. Ne2+ Kc5 46. Rxf7 Kb4 47. Rxc7 1/2-1/2